[Event "23rd EUR-ch"]
[Site "Vrnjacka Banja SRB"]
[Date "2023.03.06"]
[Round "4.98"]
[White "Kollars, Dmitrij"]
[Black "Ciorgovean, Iustin"]
[Result "1-0"]
[WhiteElo "2618"]
[BlackElo "2325"]
[EventDate "2023.03.03"]
[PlyCount "68"]

1.e4 c5 2.c3 Nf6 3.e5 Nd5 4.Bc4 Nb6 5.Bb3 d6 6.exd6 Qxd6 7.Na3 Bf5 8.d4 
cxd4 9.Nb5 Qc6 10.a4 a6 11.Nxd4 Qxg2 12.Qf3 Qxf3 13.Ngxf3 Bg6 14.Be3 N8d7 
15.a5 Nc8 16.Ba4 Kd8 17.O-O-O Nd6 18.Bf4 Rc8 19.Rhe1 Nf6 20.Ng5 Rc7 21.Bb3
Kc8 22.Nxf7 Bxf7 23.Bxf7 Nxf7 24.Bxc7 Kxc7 25.Ne6+ Kc8 26.c4 g6 27.b4 Bh6+
28.Kb2 Nd6 29.Kb3 Kb8 30.Nc5 Nf5 31.Re6 Kc7 32.b5 axb5 33.cxb5 Rc8 34.Rb6 
Nd6 1-0

[Event "23rd EUR-ch"]
[Site "Vrnjacka Banja SRB"]
[Date "2023.03.06"]
[Round "4.99"]
[White "Nemec, Jachym"]
[Black "Socko, Bartosz"]
[Result "0-1"]
[WhiteElo "2371"]
[BlackElo "2618"]
[EventDate "2023.03.03"]
[PlyCount "90"]

1.d4 Nf6 2.c4 e6 3.Nc3 Bb4 4.Qc2 O-O 5.e4 d5 6.e5 Ne4 7.Bd3 c5 8.Ne2 cxd4 
9.Nxd4 f5 10.exf6 Nxf6 11.cxd5 exd5 12.O-O Nc6 13.Nxc6 bxc6 14.Ne2 Bd7 15.
Bf4 Qe7 16.Rac1 Rae8 17.a3 Ba5 18.Bd2 Bxd2 19.Qxd2 Ng4 20.f4 c5 21.Nc3 
Qe3+ 22.Qxe3 Nxe3 23.Rf2 c4 24.Bb1 d4 25.Ne4 Be6 26.Rd2 d3 27.g3 Bd5 28.
Nc3 Bf7 29.Ba2 Re7 30.Nb5 Rd8 31.a4 Kf8 32.Kf2 a6 33.Nc3 Rb8 34.h3 Rb4 35.
Kf3 Nf5 36.Kf2 Nd4 37.a5 Reb7 38.Ne4 Ra4 39.Bxc4 Rxc4 40.Rxc4 Bxc4 41.Nd6 
Rb4 42.Nxc4 Rxc4 43.Rxd3 Ke7 44.b3 Rc2+ 45.Ke3 Nc6 0-1

[Event "23rd EUR-ch"]
[Site "Vrnjacka Banja SRB"]
[Date "2023.03.06"]
[Round "4.100"]
[White "Costa, Leonardo"]
[Black "Bartel, Mateusz"]
[Result "1/2-1/2"]
[WhiteElo "2364"]
[BlackElo "2609"]
[EventDate "2023.03.03"]
[PlyCount "53"]

1.e4 e6 2.d4 d5 3.Nd2 h6 4.Ngf3 Nf6 5.e5 Nfd7 6.Bd3 c5 7.c3 Nc6 8.a3 Qb6 
9.O-O cxd4 10.cxd4 a5 11.Re1 Nxd4 12.Nxd4 Qxd4 13.Nb3 Qh4 14.Bb5 Qd8 15.
Be3 Be7 16.Qg4 Kf8 17.f4 g6 18.a4 Nb8 19.Rac1 Nc6 20.Bxc6 bxc6 21.Rxc6 h5 
22.Qe2 Bd7 23.Rb6 Bxa4 24.Nc5 Bxc5 25.Bxc5+ Kg7 26.b4 Qd7 27.Rc1 1/2-1/2

[Event "23rd EUR-ch"]
[Site "Vrnjacka Banja SRB"]
[Date "2023.03.06"]
[Round "4.101"]
[White "Ivic, Velimir"]
[Black "Filip, Andrei"]
[Result "1-0"]
[WhiteElo "2606"]
[BlackElo "2325"]
[EventDate "2023.03.03"]
[PlyCount "109"]

1.d4 Nf6 2.c4 e6 3.Nc3 Bb4 4.e3 b6 5.Ne2 Ba6 6.a3 Be7 7.Nf4 d5 8.cxd5 Bxf1
9.Kxf1 Nxd5 10.Qf3 c6 11.Nh5 O-O 12.Bd2 Nd7 13.e4 N5f6 14.Nxf6+ Nxf6 15.
Be3 Rc8 16.Rd1 Qc7 17.g3 Rfd8 18.Kg2 Rd7 19.Qe2 Rcd8 20.f3 h6 21.Rd2 c5 
22.Rhd1 cxd4 23.Bxd4 Ne8 24.e5 Qc6 25.Ne4 Nc7 26.h4 Nd5 27.h5 Qa4 28.Bf2 
Rc8 29.Rd4 Qb3 30.R1d3 Rc2 31.Rd2 Rdc7 32.Rxc2 Rxc2 33.Rd2 Rc1 34.f4 Bc5 
35.Nxc5 bxc5 36.f5 Qb7 37.Qf3 c4 38.Kh2 c3 39.bxc3 Rxc3 40.Qg4 Rc1 41.Qf3 
Rc3 42.Qe4 Rxa3 43.f6 Ra1 44.Bd4 Rb1 45.Rg2 Nc7 46.Qc2 Rf1 47.Qd3 Rf5 48.
g4 Rf4 49.Be3 Rf3 50.Qd8+ Kh7 51.fxg7 Kxg7 52.g5 Rh3+ 53.Kxh3 Qf3+ 54.Kh2 
Qxh5+ 55.Kg1 1-0

[Event "23rd EUR-ch"]
[Site "Vrnjacka Banja SRB"]
[Date "2023.03.06"]
[Round "4.102"]
[White "Hagner, Bennet"]
[Black "Yuffa, Daniil"]
[Result "1-0"]
[WhiteElo "2361"]
[BlackElo "2605"]
[EventDate "2023.03.03"]
[PlyCount "69"]

1.e4 c5 2.Nf3 d6 3.d4 cxd4 4.Nxd4 Nf6 5.Nc3 a6 6.h3 e5 7.Nf3 Be7 8.g4 h6 
9.Rg1 g5 10.Be3 Be6 11.Nd2 Qc8 12.Qf3 Nbd7 13.O-O-O Qc6 14.Bg2 Rc8 15.Kb1 
Bd8 16.Rc1 Nb6 17.Bh1 Na4 18.Nd5 Qb5 19.Nb3 Bxd5 20.exd5 Rg8 21.Rgd1 Ke7 
22.Bg2 Bb6 23.Bf1 Qb4 24.c4 Bxe3 25.fxe3 Rgf8 26.Bd3 b5 27.cxb5 e4 28.Qf5 
exd3 29.Rxc8 Rxc8 30.Qxc8 Ne4 31.bxa6 Nac5 32.Nd4 Nc3+ 33.Ka1 Nb3+ 34.Nxb3
Nxd1 35.Qb7+ 1-0

[Event "23rd EUR-ch"]
[Site "Vrnjacka Banja SRB"]
[Date "2023.03.06"]
[Round "4.103"]
[White "Lagarde, Maxime"]
[Black "Sukovic, Andrej"]
[Result "1-0"]
[WhiteElo "2581"]
[BlackElo "2322"]
[EventDate "2023.03.03"]
[PlyCount "43"]

1.d4 Nf6 2.Nf3 e6 3.Bg5 Be7 4.Nbd2 h6 5.Bxf6 Bxf6 6.e4 d6 7.e5 Be7 8.Bb5+ 
Nd7 9.c3 c6 10.exd6 Bxd6 11.Ba4 O-O 12.O-O Bc7 13.Re1 Re8 14.Re3 b5 15.Bc2
Bb7 16.Ne4 e5 17.Qd3 exd4 18.Nd6 dxe3 19.Qh7+ Kf8 20.Nf5 exf2+ 21.Kxf2 
Re2+ 22.Kxe2 1-0

[Event "23rd EUR-ch"]
[Site "Vrnjacka Banja SRB"]
[Date "2023.03.06"]
[Round "4.104"]
[White "Samani, Yamac"]
[Black "Laurusas, Tomas"]
[Result "0-1"]
[WhiteElo "2357"]
[BlackElo "2571"]
[EventDate "2023.03.03"]
[PlyCount "104"]

1.e4 c5 2.Nf3 e6 3.d4 cxd4 4.Nxd4 a6 5.Bd3 Bc5 6.Nb3 Ba7 7.Qe2 Ne7 8.Be3 
Nbc6 9.Nc3 b5 10.Bxa7 Rxa7 11.a4 b4 12.Nd5 Ng6 13.Qe3 exd5 14.exd5+ Qe7 
15.dxc6 Qxe3+ 16.fxe3 dxc6 17.Bxg6 hxg6 18.O-O-O Rh5 19.Rd6 Rc7 20.h3 Re5 
21.Rhd1 Rxe3 22.Nc5 Ke7 23.R6d4 a5 24.Kd2 Re5 25.Re1 Rxe1 26.Kxe1 Kf6 27.
Kd2 Be6 28.c3 bxc3+ 29.Kxc3 Bd5 30.g3 Re7 31.b4 axb4+ 32.Kxb4 Re1 33.Nd3 
Ra1 34.a5 Ke7 35.Nb2 g5 36.h4 gxh4 37.gxh4 f5 38.Rf4 Kf6 39.Nd3 Rb1+ 40.
Ka4 Be4 41.Nc5 Bc2+ 42.Ka3 Rb5 43.Rc4 Rxa5+ 44.Kb4 Rb5+ 45.Kc3 Bb1 46.Nb3 
Be4 47.Nd4 Rb1 48.Kd2 Rh1 49.Nxc6 Rxh4 50.Ke3 Rh3+ 51.Kf2 Bxc6 52.Rxc6+ 
Kg5 0-1

[Event "23rd EUR-ch"]
[Site "Vrnjacka Banja SRB"]
[Date "2023.03.06"]
[Round "4.105"]
[White "Van Foreest, Lucas"]
[Black "Gorodetzky, Matan"]
[Result "1-0"]
[WhiteElo "2570"]
[BlackElo "2319"]
[EventDate "2023.03.03"]
[PlyCount "53"]

1.e4 e6 2.d4 d5 3.Nc3 Nf6 4.e5 Nfd7 5.f4 c5 6.Nf3 Nc6 7.Be3 Rb8 8.a3 cxd4 
9.Nxd4 Bc5 10.Qd2 a6 11.Be2 Qc7 12.O-O Nxd4 13.Bxd4 b5 14.b4 Bxd4+ 15.Qxd4
Qb6 16.Qxb6 Rxb6 17.Bd3 Rc6 18.Ne2 Nb6 19.Rf3 Bd7 20.Kf2 Ke7 21.Rg3 g6 22.
Rh3 Nc4 23.Nd4 Rcc8 24.Bxc4 Rxc4 25.Rd1 a5 26.c3 Ra8 27.Rd2 1-0

[Event "23rd EUR-ch"]
[Site "Vrnjacka Banja SRB"]
[Date "2023.03.06"]
[Round "4.106"]
[White "Mchedlishvili, Mikheil"]
[Black "Jocev, Milan"]
[Result "1-0"]
[WhiteElo "2569"]
[BlackElo "2315"]
[EventDate "2023.03.03"]
[PlyCount "105"]

1.d4 d5 2.c4 c6 3.Nf3 Nf6 4.Nc3 dxc4 5.a4 Bf5 6.Ne5 e6 7.f3 Bb4 8.Nxc4 O-O
9.Kf2 Nbd7 10.e4 Bg6 11.h4 h6 12.Be2 a5 13.Be3 Qc7 14.Rc1 Rad8 15.Qg1 Bxc3
16.bxc3 Bxe4 17.fxe4 Nxe4+ 18.Ke1 b5 19.Nd2 Nxd2 20.Bxd2 bxa4 21.g4 e5 22.
Qg3 Nf6 23.Qxe5 Qb7 24.g5 Rfe8 25.Qf4 Re4 26.Qf3 Rde8 27.gxf6 Rxe2+ 28.
Qxe2 Rxe2+ 29.Kxe2 c5 30.fxg7 Qg2+ 31.Kd3 c4+ 32.Kxc4 Qc6+ 33.Kd3 Qg6+ 34.
Ke3 Qg3+ 35.Ke4 Qg2+ 36.Ke5 Qxg7+ 37.Kd5 Qg2+ 38.Kc5 Qxd2 39.Rhd1 Qb2 40.
d5 Kf8 41.c4 Qb4+ 42.Kc6 a3 43.d6 Ke8 44.c5 Kd8 45.Rg1 Qa4+ 46.Kb6 Qb4+ 
47.Ka6 Qe4 48.c6 Qd3+ 49.Ka7 Qd4+ 50.Ka8 Qxd6 51.Rgd1 Qxd1 52.Rxd1+ Kc7 
53.Rc1 1-0

[Event "23rd EUR-ch"]
[Site "Vrnjacka Banja SRB"]
[Date "2023.03.06"]
[Round "4.107"]
[White "Fitzsimons, David"]
[Black "Bosiocic, Marin"]
[Result "1/2-1/2"]
[WhiteElo "2338"]
[BlackElo "2555"]
[EventDate "2023.03.03"]
[PlyCount "56"]

1.e4 c5 2.Nf3 Nc6 3.Nc3 e5 4.Bc4 Be7 5.d3 d6 6.h4 h6 7.Nd5 Nf6 8.Nd2 Nxd5 
9.Bxd5 Nb4 10.Bc4 d5 11.exd5 Nxd5 12.Qh5 O-O 13.Qxe5 Nb4 14.Kd1 Bg4+ 15.f3
Bd6 16.Qe4 Bc8 17.h5 Qc7 18.Qe2 Rb8 19.a4 a6 20.a5 Bd7 21.Ne4 Bb5 22.c3 
Nc6 23.Kc2 Be7 24.Bxb5 axb5 25.Be3 Nd4+ 26.Bxd4 cxd4 27.g4 Ra8 28.Qh2 Qd8 
1/2-1/2

[Event "23rd EUR-ch"]
[Site "Vrnjacka Banja SRB"]
[Date "2023.03.06"]
[Round "4.108"]
[White "Kelires, Andreas"]
[Black "Danielian, Vahe"]
[Result "0-1"]
[WhiteElo "2538"]
[BlackElo "2307"]
[EventDate "2023.03.03"]
[PlyCount "52"]

1.d4 d5 2.Nf3 Nf6 3.g3 c5 4.Bg2 Nc6 5.O-O h6 6.c4 dxc4 7.Na3 cxd4 8.Nxc4 
g6 9.Bf4 g5 10.Bd2 Bg7 11.h4 g4 12.Nfe5 Nxe5 13.Nxe5 O-O 14.Qc1 Nh7 15.Nd3
Qb6 16.Bb4 Bf5 17.Bxe7 Rfe8 18.Bc5 Qb5 19.a4 Qd7 20.Qd2 Nf6 21.Ba3 b6 22.
Qf4 Rad8 23.Bc6 Qxc6 24.Qxf5 Rxe2 25.Rae1 Rxe1 26.Rxe1 Qxa4 0-1

[Event "23rd EUR-ch"]
[Site "Vrnjacka Banja SRB"]
[Date "2023.03.06"]
[Round "4.109"]
[White "Sebenik, Matej"]
[Black "Denishev, Marat"]
[Result "1-0"]
[WhiteElo "2536"]
[BlackElo "2303"]
[EventDate "2023.03.03"]
[PlyCount "59"]

1.d4 Nf6 2.c4 e6 3.Nf3 d5 4.Nc3 dxc4 5.e4 Bb4 6.Bg5 h6 7.Bxf6 Qxf6 8.Bxc4 
O-O 9.O-O c5 10.e5 Qd8 11.Ne4 cxd4 12.Nxd4 Qc7 13.Nf6+ gxf6 14.Qg4+ Kh8 
15.Qf4 Qxe5 16.Qxh6+ Kg8 17.f4 Qxd4+ 18.Kh1 Qxb2 19.Rab1 Qc2 20.Rb3 Qg6 
21.Rg3 Qxg3 22.hxg3 f5 23.g4 Bc3 24.gxf5 Bg7 25.Qg5 f6 26.Qh5 Nc6 27.fxe6 
Ne7 28.Rf3 f5 29.Rg3 Rf6 30.Qe8+ 1-0

[Event "23rd EUR-ch"]
[Site "Vrnjacka Banja SRB"]
[Date "2023.03.06"]
[Round "4.110"]
[White "Burcu, Cagatay"]
[Black "Mastrovasilis, Athanasios"]
[Result "1-0"]
[WhiteElo "2331"]
[BlackElo "2518"]
[EventDate "2023.03.03"]
[PlyCount "63"]

1.d4 Nf6 2.Bf4 b6 3.e3 Bb7 4.Nf3 g6 5.h3 Bg7 6.Be2 d6 7.O-O Nbd7 8.Bh2 O-O
9.Nbd2 e6 10.a4 a5 11.c3 Qe7 12.Qb1 e5 13.Rc1 Nd5 14.Bc4 Bh6 15.Qa2 N5f6 
16.dxe5 dxe5 17.Qa3 Qxa3 18.Rxa3 Rfe8 19.Bb5 c6 20.Bf1 Bf8 21.Raa1 Nd5 22.
e4 N5f6 23.Rd1 Red8 24.Bc4 h6 25.g4 g5 26.Re1 Kg7 27.Nf1 Rac8 28.Red1 Nc5 
29.Rxd8 Rxd8 30.Bxe5 Nxe4 31.Ng3 Kg6 32.b3 1-0

[Event "23rd EUR-ch"]
[Site "Vrnjacka Banja SRB"]
[Date "2023.03.06"]
[Round "4.111"]
[White "Yurtseven, Melih"]
[Black "Petrov, Martin"]
[Result "1/2-1/2"]
[WhiteElo "2327"]
[BlackElo "2505"]
[EventDate "2023.03.03"]
[PlyCount "81"]

1.d4 Nf6 2.Nf3 e6 3.c4 b6 4.a3 Ba6 5.Qa4 Bb7 6.Nc3 Be7 7.Bf4 O-O 8.Rd1 Ne4
9.Nxe4 Bxe4 10.e3 d6 11.Bd3 Bxd3 12.Rxd3 f5 13.h3 Bf6 14.O-O Qe8 15.Qxe8 
Rxe8 16.Bg3 e5 17.dxe5 dxe5 18.Rd5 Nc6 19.b4 e4 20.Ne1 Ne5 21.Bxe5 Rxe5 
22.Rd7 Re7 23.Rxe7 Bxe7 24.Nc2 c5 25.Rd1 cxb4 26.axb4 a5 27.Ra1 a4 28.Kf1 
g6 29.Ke2 Rc8 30.Rxa4 Rxc4 31.Kd1 b5 32.Ra5 Bxb4 33.Rxb5 Bc3 34.Rb7 Rc6 
35.Rd7 h5 36.h4 Kf8 37.g3 Ke8 38.Rd5 Rb6 39.Kc1 Rc6 40.Kd1 Rb6 41.Kc1 
1/2-1/2

[Event "23rd EUR-ch"]
[Site "Vrnjacka Banja SRB"]
[Date "2023.03.06"]
[Round "4.112"]
[White "Gaal, Zsoka"]
[Black "Reshef, Omer"]
[Result "0-1"]
[WhiteElo "2320"]
[BlackElo "2492"]
[EventDate "2023.03.03"]
[PlyCount "58"]

1.d4 Nf6 2.c4 c6 3.Nf3 d5 4.e3 g6 5.Nc3 Bg7 6.Be2 O-O 7.O-O Bg4 8.cxd5 
cxd5 9.Qb3 b6 10.h3 Bc8 11.Ne5 Bb7 12.a4 Nc6 13.Nxc6 Bxc6 14.a5 b5 15.a6 
Rb8 16.Qb4 e6 17.Bd2 Qd7 18.Rfc1 Rb6 19.Qa5 Rfb8 20.Na2 Ne8 21.Bb4 Nc7 22.
Bc5 Rxa6 23.Qc3 Bb7 24.Nb4 Rxa1 25.Rxa1 a6 26.Nd3 Ne8 27.Bb4 Ra8 28.Ba5 
Bf6 29.Nc5 Qc6 0-1

[Event "23rd EUR-ch"]
[Site "Vrnjacka Banja SRB"]
[Date "2023.03.06"]
[Round "4.113"]
[White "Ahmadzada, Ahmad"]
[Black "Ivanovic, Marko"]
[Result "1-0"]
[WhiteElo "2487"]
[BlackElo "2302"]
[EventDate "2023.03.03"]
[PlyCount "73"]

1.e4 c5 2.Nf3 d6 3.d4 cxd4 4.Nxd4 Nf6 5.Nc3 a6 6.Be3 e5 7.Nf3 Be7 8.Bc4 
O-O 9.O-O Nc6 10.Bb3 h6 11.Qe2 Na5 12.Rfd1 Nxb3 13.axb3 Qc7 14.Nd2 Be6 15.
Nc4 Nd7 16.f4 Rfc8 17.fxe5 dxe5 18.Nd5 Bxd5 19.exd5 Bd6 20.Qg4 b5 21.Bxh6 
Bf8 22.Ne3 Nf6 23.Qf3 Nh7 24.Bxg7 Bxg7 25.Nf5 Qb6+ 26.Kh1 Qf6 27.d6 Ng5 
28.Qg4 Kf8 29.d7 Rd8 30.Rd6 Ne6 31.Rf1 Qg5 32.Qe4 Ra7 33.Rxe6 fxe6 34.Nd4+
Kg8 35.Nxe6 Qe7 36.Nxd8 Rxd7 37.Nc6 1-0

[Event "23rd EUR-ch"]
[Site "Vrnjacka Banja SRB"]
[Date "2023.03.06"]
[Round "4.114"]
[White "Castellanos Rodriguez, Renier"]
[Black "Spasic, Petar"]
[Result "1/2-1/2"]
[WhiteElo "2484"]
[BlackElo "2298"]
[EventDate "2023.03.03"]
[PlyCount "27"]

1.e4 c5 2.Nf3 Nc6 3.Bb5 g6 4.O-O Bg7 5.Nc3 e5 6.Bc4 d6 7.d3 Nge7 8.Ng5 O-O
9.f4 h6 10.Nxf7 Rxf7 11.f5 gxf5 12.Bxf7+ Kxf7 13.Qh5+ Kg8 14.exf5 1/2-1/2

[Event "23rd EUR-ch"]
[Site "Vrnjacka Banja SRB"]
[Date "2023.03.06"]
[Round "4.115"]
[White "Piliposian, Robert"]
[Black "Sokolovsky, Yahli"]
[Result "1/2-1/2"]
[WhiteElo "2314"]
[BlackElo "2476"]
[EventDate "2023.03.03"]
[PlyCount "52"]

1.d4 Nf6 2.c4 e6 3.Nf3 Bb4+ 4.Bd2 a5 5.a3 Bxd2+ 6.Qxd2 b6 7.g3 Bb7 8.Bg2 
d6 9.Nc3 O-O 10.O-O Ne4 11.Nxe4 Bxe4 12.Qf4 f5 13.Ng5 Bxg2 14.Kxg2 Qe7 15.
d5 e5 16.Qh4 g6 17.Ne6 Qxh4 18.gxh4 Rc8 19.b4 Nd7 20.h5 Nf8 21.hxg6 Nxe6 
22.gxh7+ Kf7 23.dxe6+ Kxe6 24.c5 Rh8 25.cxb6 cxb6 26.bxa5 bxa5 1/2-1/2

[Event "23rd EUR-ch"]
[Site "Vrnjacka Banja SRB"]
[Date "2023.03.06"]
[Round "4.116"]
[White "Ioannidis, Evgenios"]
[Black "Panic, Nenad"]
[Result "1-0"]
[WhiteElo "2473"]
[BlackElo "2295"]
[EventDate "2023.03.03"]
[PlyCount "48"]

1.d4 Nf6 2.c4 e6 3.Nc3 c5 4.d5 d6 5.e4 g6 6.Be2 Bg7 7.h4 exd5 8.exd5 O-O 
9.h5 Re8 10.h6 Bh8 11.Bg5 a6 12.a4 Qb6 13.b3 Nbd7 14.Nf3 Ne5 15.Nh4 Bg4 
16.f3 Nh5 17.O-O Bd7 18.f4 Ng4 19.Bxg4 Bxg4 20.Qxg4 Bxc3 21.Rab1 Re4 22.
Nf5 Rae8 23.Ne7+ Kf8 24.Nf5 Qc7 1-0

[Event "23rd EUR-ch"]
[Site "Vrnjacka Banja SRB"]
[Date "2023.03.06"]
[Round "4.117"]
[White "Bronstein, Or"]
[Black "Vujic, Mihailo"]
[Result "1-0"]
[WhiteElo "2465"]
[BlackElo "2281"]
[EventDate "2023.03.03"]
[PlyCount "65"]

1.d4 d5 2.c4 Nc6 3.Nc3 Nf6 4.Nf3 e6 5.Bg5 Bb4 6.e3 h6 7.Bxf6 Qxf6 8.Rc1 
dxc4 9.Bxc4 O-O 10.O-O Bxc3 11.Rxc3 e5 12.d5 Ne7 13.Bb3 Qd6 14.Nd2 Bf5 15.
e4 Bg6 16.Nc4 Qf6 17.Qe2 Nc8 18.Rfc1 Nd6 19.Nd2 Qf4 20.g3 Qg5 21.h4 Bh5 
22.hxg5 Bxe2 23.gxh6 Nb5 24.Re3 Nd4 25.Rxc7 Ba6 26.hxg7 Kxg7 27.Bc4 b5 28.
Bf1 Rac8 29.Rxa7 Rc2 30.Nf3 Bc8 31.Nxe5 Rc1 32.g4 Kf6 33.f4 1-0

[Event "23rd EUR-ch"]
[Site "Vrnjacka Banja SRB"]
[Date "2023.03.06"]
[Round "4.118"]
[White "Palczert, Matyas"]
[Black "Pajeken, Jakob Leon"]
[Result "1-0"]
[WhiteElo "2304"]
[BlackElo "2465"]
[EventDate "2023.03.03"]
[PlyCount "48"]

1.e4 c5 2.Nf3 d6 3.d4 cxd4 4.Nxd4 Nf6 5.Nc3 a6 6.Bg5 Nbd7 7.Bc4 Qb6 8.Bb3 
e6 9.Qd2 Be7 10.O-O-O Nc5 11.f3 Qc7 12.g4 b5 13.h4 Bd7 14.Kb1 b4 15.Nce2 
a5 16.Ng3 h6 17.Bf4 a4 18.Bc4 Ncxe4 19.Nxe4 Nxe4 20.Qe2 Nf6 21.Nf5 e5 22.
Bb5 Ra5 23.Bxd7+ Qxd7 24.Bd2 Qb5 1-0

[Event "23rd EUR-ch"]
[Site "Vrnjacka Banja SRB"]
[Date "2023.03.06"]
[Round "4.119"]
[White "Kaasen, Tor Fredrik"]
[Black "Rahmanidis, Petros"]
[Result "1-0"]
[WhiteElo "2464"]
[BlackElo "2278"]
[EventDate "2023.03.03"]
[PlyCount "77"]

1.e4 e5 2.Nf3 Nc6 3.Bc4 Nf6 4.d3 Bc5 5.O-O O-O 6.h3 d6 7.c3 h6 8.b4 Bb6 9.
a4 a5 10.b5 Ne7 11.Nbd2 Ng6 12.Rb1 d5 13.exd5 Nxd5 14.Qc2 Ndf4 15.d4 exd4 
16.cxd4 Re8 17.Rb3 Be6 18.Re3 Nd5 19.Re4 Qf6 20.Qb3 Red8 21.Rfe1 Rd7 22.
Nf1 Rad8 23.N1h2 Ndf4 24.Bxe6 Nxe6 25.Ng4 Qf5 26.Bxh6 Nxd4 27.Nxd4 Rxd4 
28.Rxd4 Rxd4 29.Be3 Rb4 30.Qd1 Bxe3 31.Nxe3 Qg5 32.Qd7 Kh7 33.Qxc7 Rxa4 
34.Qxb7 Rb4 35.b6 Qc5 36.Qxf7 Qxb6 37.Nd5 Qb7 38.Qf5 Rb5 39.Qh5+ 1-0

[Event "23rd EUR-ch"]
[Site "Vrnjacka Banja SRB"]
[Date "2023.03.06"]
[Round "4.120"]
[White "Shohat, Yotam"]
[Black "Kurmann, Oliver"]
[Result "1/2-1/2"]
[WhiteElo "2302"]
[BlackElo "2464"]
[EventDate "2023.03.03"]
[PlyCount "84"]

1.e4 c5 2.Nf3 e6 3.d4 cxd4 4.Nxd4 Nc6 5.Nc3 Nf6 6.Nxc6 bxc6 7.e5 Nd5 8.Ne4
Qc7 9.f4 Qb6 10.c4 Ne3 11.Qd3 Bb4+ 12.Bd2 O-O 13.Rc1 a5 14.Bxb4 Qxb4+ 15.
Qd2 f5 16.Nd6 Rb8 17.b3 a4 18.Qxb4 Rxb4 19.Kd2 Nxf1+ 20.Rhxf1 c5 21.Rb1 
Bb7 22.a3 Rb6 23.bxa4 Rxb1 24.Rxb1 Bxg2 25.a5 Ra8 26.a6 h6 27.Rb6 Bc6 28.
Nb5 Kf7 29.Nc7 Ra7 30.Nb5 Ra8 31.a4 g5 32.Nc7 Ra7 33.Nb5 Ra8 34.Ke3 Ke7 
35.a5 Kd8 36.Nd6 Kc7 37.Nb5+ Kc8 38.Kf2 gxf4 39.Nd6+ Kc7 40.Nb5+ Kc8 41.
Nd6+ Kc7 42.Nb5+ Kc8 1/2-1/2

[Event "23rd EUR-ch"]
[Site "Vrnjacka Banja SRB"]
[Date "2023.03.06"]
[Round "4.121"]
[White "Sousa, Andre Ventura"]
[Black "Martic, Ivan"]
[Result "0-1"]
[WhiteElo "2464"]
[BlackElo "2274"]
[EventDate "2023.03.03"]
[PlyCount "52"]

1.e4 c5 2.Nf3 Nc6 3.d4 cxd4 4.Nxd4 e5 5.Nb5 d6 6.c4 a6 7.N5c3 f5 8.Bd3 f4 
9.g3 Nd4 10.gxf4 Qh4 11.f5 Nf6 12.h3 g6 13.Nd2 gxf5 14.Nf3 Nxf3+ 15.Qxf3 
f4 16.Bd2 Be6 17.Nd5 Nxd5 18.exd5 Bf7 19.Qg4 Be7 20.Qxh4 Bxh4 21.Rg1 Ke7 
22.Rc1 Rag8 23.Rxg8 Rxg8 24.Kf1 h6 25.Be4 Be8 26.c5 Bb5+ 0-1

[Event "23rd EUR-ch"]
[Site "Vrnjacka Banja SRB"]
[Date "2023.03.06"]
[Round "4.122"]
[White "Ozsac, Samet Harun"]
[Black "Isik, Alparslan"]
[Result "0-1"]
[WhiteElo "2293"]
[BlackElo "2462"]
[EventDate "2023.03.03"]
[PlyCount "62"]

1.c4 Nf6 2.Nc3 c5 3.g3 e6 4.Nf3 b6 5.Bg2 Bb7 6.O-O Be7 7.Re1 O-O 8.e4 d6 
9.d3 Nbd7 10.a3 Qc7 11.Rb1 a6 12.Bf4 Rab8 13.Qe2 Rfd8 14.b4 b5 15.Rec1 
bxc4 16.dxc4 Ng4 17.Nd2 Nge5 18.b5 axb5 19.Nxb5 Qa5 20.Nb3 Qa4 21.Bd2 Ba6 
22.Na5 Nxc4 23.Rxc4 Bxb5 24.Rxa4 Bxe2 25.Nb7 Rdc8 26.Ra7 Ne5 27.Re1 Bb5 
28.Nxc5 Bd8 29.Na6 Bxa6 30.Rxa6 Nd7 31.a4 Bb6 0-1

[Event "23rd EUR-ch"]
[Site "Vrnjacka Banja SRB"]
[Date "2023.03.06"]
[Round "4.123"]
[White "Leszko, Bence"]
[Black "Willow, Jonah"]
[Result "0-1"]
[WhiteElo "2283"]
[BlackElo "2459"]
[EventDate "2023.03.03"]
[PlyCount "88"]

1.e4 c5 2.Nf3 Nc6 3.Bb5 Nf6 4.Nc3 Qc7 5.Bxc6 dxc6 6.d4 cxd4 7.Qxd4 Bg4 8.
Bg5 Bxf3 9.gxf3 e5 10.Qc4 O-O-O 11.Be3 Ne8 12.Qa4 b6 13.Qa6+ Kb8 14.Nb1 
Nd6 15.Nd2 Nb7 16.O-O-O Nc5 17.Qe2 Ne6 18.Nb3 Be7 19.Rxd8+ Rxd8 20.Rd1 Bg5
21.Rxd8+ Qxd8 22.Qd2 Kc7 23.Qxd8+ Kxd8 24.Kd1 Ke7 25.a4 Bf4 26.Bxf4 Nxf4 
27.a5 Kf6 28.Nd2 Ne6 29.axb6 axb6 30.c3 Kg5 31.Nc4 Kf4 32.Ke2 Ng5 33.Nd2 
h5 34.h4 Ne6 35.Nc4 g5 36.Nxb6 gxh4 37.Nd7 h3 38.Kf1 Ng5 39.b4 Nxf3 40.Nf8
Nh2+ 41.Kg1 Ng4 42.Ne6+ Kf3 43.b5 h2+ 44.Kh1 Kxf2 0-1

[Event "23rd EUR-ch"]
[Site "Vrnjacka Banja SRB"]
[Date "2023.03.06"]
[Round "4.125"]
[White "Shoshin, Kirill"]
[Black "Cabarkapa, Novak"]
[Result "1/2-1/2"]
[WhiteElo "2278"]
[BlackElo "2458"]
[EventDate "2023.03.03"]
[PlyCount "120"]

1.d4 Nf6 2.c4 e6 3.Nc3 Bb4 4.e3 O-O 5.Bd3 d5 6.a3 Bxc3+ 7.bxc3 dxc4 8.Bxc4
c5 9.Bb2 Qa5 10.Nf3 cxd4 11.exd4 Qc7 12.Bd3 Nc6 13.c4 Qa5+ 14.Qd2 Qxd2+ 
15.Nxd2 Rd8 16.Nf3 b6 17.O-O Ba6 18.Bc3 Rac8 19.Rac1 Ne7 20.Bb4 Ng6 21.
Rfd1 Bb7 22.Bxg6 hxg6 23.Ne5 Nd7 24.Be7 Nxe5 25.Bxd8 Nxc4 26.Be7 Bd5 27.
Rc3 f6 28.Rdc1 Kf7 29.Bd6 g5 30.f3 Ke8 31.Bg3 Kd7 32.Rb1 Kc6 33.Rb4 Kb7 
34.h4 gxh4 35.Bxh4 Na5 36.Rxc8 Kxc8 37.Be1 Nc6 38.Rb2 Nxd4 39.Bb4 Kd7 40.
Kf2 Nc6 41.Bc3 e5 42.Ke3 Ne7 43.g4 Bc6 44.Bd2 Ng6 45.Kf2 Bd5 46.Rc2 Nf8 
47.f4 exf4 48.Bxf4 Ne6 49.Be3 g6 50.Kg3 Kd6 51.Rf2 Ke5 52.Bc1 f5 53.gxf5 
gxf5 54.Bb2+ Ke4 55.Re2+ Kd3 56.Re5 f4+ 57.Kg4 Kc4 58.Rxe6 Bxe6+ 59.Kxf4 
Kb3 60.Bc1 Kc2 1/2-1/2

[Event "23rd EUR-ch"]
[Site "Vrnjacka Banja SRB"]
[Date "2023.03.06"]
[Round "4.126"]
[White "Soffer, Ram"]
[Black "Toktomushev, Teimur"]
[Result "1/2-1/2"]
[WhiteElo "2456"]
[BlackElo "2255"]
[EventDate "2023.03.03"]
[PlyCount "85"]

1.e4 c5 2.Nf3 e6 3.d4 cxd4 4.Nxd4 a6 5.Bd3 Bc5 6.Nb3 Ba7 7.Qe2 Nc6 8.Be3 
Nge7 9.O-O d6 10.c4 O-O 11.Bxa7 Rxa7 12.Nc3 e5 13.Rac1 Be6 14.Nd5 Ra8 15.
Qe3 Rc8 16.Rfd1 Kh8 17.c5 Bxd5 18.exd5 Nxd5 19.Qh3 g6 20.Bxg6 fxg6 21.Rxd5
Qf6 22.Qe3 dxc5 23.Rdxc5 Rcd8 24.Nd2 Nb4 25.Ne4 Qe6 26.Rc7 Nd5 27.Rxh7+ 
Kxh7 28.Ng5+ Kh6 29.Nxe6+ Nxe3 30.Nxf8 Nf5 31.Ne6 Rd6 32.Nc5 Rd2 33.Rb1 
Ne7 34.Kf1 Rc2 35.Rd1 Nf5 36.b4 Rxa2 37.Ne6 b5 38.g4 Nd4 39.Nxd4 exd4 40.
Rxd4 Ra4 41.Rd6 Rxb4 42.Rxa6 Rxg4 43.Rb6 1/2-1/2

[Event "23rd EUR-ch"]
[Site "Vrnjacka Banja SRB"]
[Date "2023.03.06"]
[Round "4.127"]
[White "Levitan, Tal"]
[Black "Grieve, Harry"]
[Result "0-1"]
[WhiteElo "2276"]
[BlackElo "2455"]
[EventDate "2023.03.03"]
[PlyCount "126"]

1.e4 c5 2.c3 Nf6 3.e5 Nd5 4.d4 cxd4 5.cxd4 d6 6.Nf3 e6 7.Bc4 Be7 8.O-O O-O
9.Qe2 a6 10.Qe4 Nd7 11.Rd1 b5 12.Bxd5 exd5 13.Qf4 Nb6 14.Qg3 Kh8 15.Bf4 
Nc4 16.b3 dxe5 17.dxe5 Na3 18.Nc3 Be6 19.Rd3 Qd7 20.Rad1 Rad8 21.Nd4 b4 
22.Nce2 Rc8 23.Bg5 Nc2 24.h3 Nxd4 25.Rxd4 Rc2 26.Nf4 Bxg5 27.Qxg5 h6 28.
Qg3 Qe7 29.Nxd5 Bxd5 30.Rxd5 Rxa2 31.Rd7 Qg5 32.Qxg5 hxg5 33.Rb7 a5 34.
Rdd7 Kh7 35.Ra7 Kg6 36.Rd5 Rc8 37.Raxa5 Rc1+ 38.Kh2 Rxf2 39.e6 f6 40.Rd4 
Rcc2 41.Rg4 Rce2 42.Kg1 f5 43.Rg3 Rf4 44.Rf3 Rxf3 45.gxf3 Rxe6 46.Kf2 Rc6 
47.Rb5 Rc2+ 48.Kg1 Rc3 49.Rxb4 Rxf3 50.Kg2 Re3 51.Rb8 Kf6 52.Rb5 Rc3 53.
Kh2 f4 54.Rb6+ Kf5 55.Rb5+ Kg6 56.b4 Kh5 57.Rc5 Rb3 58.b5 Kh4 59.Kg2 Rxh3 
60.Rc7 Rb3 61.Rxg7 Rxb5 62.Kf3 Rb3+ 63.Ke4 Kg4 0-1

[Event "23rd EUR-ch"]
[Site "Vrnjacka Banja SRB"]
[Date "2023.03.06"]
[Round "4.128"]
[White "Savicevic, Vlatko"]
[Black "Braun, Christian"]
[Result "1/2-1/2"]
[WhiteElo "2268"]
[BlackElo "2449"]
[EventDate "2023.03.03"]
[PlyCount "123"]

1.e4 e6 2.d4 d5 3.exd5 exd5 4.Nf3 Nc6 5.Bb5 Ne7 6.O-O a6 7.Ba4 Bg4 8.c3 
Qd6 9.Re1 O-O-O 10.Nbd2 f6 11.b4 g5 12.b5 Na7 13.bxa6 Qxa6 14.Ba3 Ng6 15.
Bxf8 Rhxf8 16.Rb1 Nf4 17.g3 Ng6 18.Qc2 Rf7 19.Be8 Rg7 20.a4 Ne7 21.Bb5 
Nxb5 22.Rxb5 Bd7 23.Rb4 Bf5 24.Qb2 Nc6 25.Rb5 Bd3 26.Re3 Bxb5 27.axb5 Qb6 
28.c4 Na7 29.Rb3 dxc4 30.Nxc4 Qe6 31.b6 cxb6 32.d5 Rxd5 33.Nxb6+ Kb8 34.
Nxd5 Qxd5 35.Re3 Qd6 36.Re8+ Nc8 37.Qc2 Rc7 38.Qf5 Qd7 39.Re6 Rc1+ 40.Kg2 
Qd1 41.Re1 Qc2 42.Qxf6 Rxe1 43.Nxe1 Qe4+ 44.Kf1 g4 45.Qf4+ Qxf4 46.gxf4 
Kc7 47.Ke2 Kd6 48.Kd3 Ke6 49.f3 Kf5 50.Ke3 Ne7 51.fxg4+ Kxg4 52.Ke4 b5 53.
Nd3 h5 54.Ne5+ Kh3 55.f5 Ng8 56.Kf4 b4 57.Kg5 b3 58.Nc4 h4 59.Nb2 Ne7 60.
f6 Nc6 61.f7 Nd8 62.f8=Q 1/2-1/2